<?xml version="1.0" encoding="UTF-8"?>
<record
    xmlns:xsi="http://www.w3.org/2001/XMLSchema-instance"
    xsi:schemaLocation="http://www.loc.gov/MARC21/slim http://www.loc.gov/standards/marcxml/schema/MARC21slim.xsd"
    xmlns="http://www.loc.gov/MARC21/slim">

  <leader>00652nam a22001817a 4500</leader>
  <datafield tag="999" ind1=" " ind2=" ">
    <subfield code="c">172632</subfield>
    <subfield code="d">172632</subfield>
  </datafield>
  <controlfield tag="005">20200210113106.0</controlfield>
  <datafield tag="010" ind1=" " ind2=" ">
    <subfield code="a">B-209087</subfield>
  </datafield>
  <datafield tag="020" ind1=" " ind2=" ">
    <subfield code="c">475.00</subfield>
    <subfield code="a">8182231507</subfield>
  </datafield>
  <datafield tag="035" ind1=" " ind2=" ">
    <subfield code="a">B-209087</subfield>
  </datafield>
  <datafield tag="037" ind1=" " ind2=" ">
    <subfield code="b">BPPD/Pub.</subfield>
  </datafield>
  <datafield tag="082" ind1=" " ind2=" ">
    <subfield code="a">840.8</subfield>
  </datafield>
  <datafield tag="245" ind1=" " ind2=" ">
    <subfield code="a">&#x648;&#x6C1;&#x627;&#x628; &#x627;&#x634;&#x631;&#x641;&#x6CC; :</subfield>
    <subfield code="b">&#x645;&#x646;&#x641;&#x631;&#x62F; &#x646;&#x642;&#x627;&#x62F; &#x627;&#x648;&#x631; &#x62F;&#x627;&#x646;&#x634;&#x648;&#x631; /</subfield>
    <subfield code="c">&#x645;&#x631;&#x62A;&#x628;- &#x6C1;&#x645;&#x627;&#x6CC;&#x648;&#x6BA; &#x627;&#x634;&#x631;&#x641;</subfield>
  </datafield>
  <datafield tag="246" ind1=" " ind2=" ">
    <subfield code="a">Wahab Ashrafi: Munfarid Naqqaad Aur Danishwar /</subfield>
    <subfield code="b">edited by Humayun Ashraf</subfield>
  </datafield>
  <datafield tag="260" ind1=" " ind2=" ">
    <subfield code="a">Delhi</subfield>
    <subfield code="b">Educational Publishing House</subfield>
    <subfield code="c">2006 &#x621;</subfield>
  </datafield>
  <datafield tag="270" ind1=" " ind2=" ">
    <subfield code="a">3108, Vakil Street, Kucha Pandit, Lal Kuan</subfield>
    <subfield code="b">Delhi</subfield>
    <subfield code="e">110006</subfield>
  </datafield>
  <datafield tag="300" ind1=" " ind2=" ">
    <subfield code="a">944p.</subfield>
    <subfield code="c">23cm(Hb)</subfield>
  </datafield>
  <datafield tag="942" ind1=" " ind2=" ">
    <subfield code="2">ddc</subfield>
    <subfield code="c">UR</subfield>
    <subfield code="h">840.8</subfield>
    <subfield code="m">&#x648; &#x6C1; &#x627;</subfield>
  </datafield>
  <datafield tag="952" ind1=" " ind2=" ">
    <subfield code="0">0</subfield>
    <subfield code="1">0</subfield>
    <subfield code="4">0</subfield>
    <subfield code="7">0</subfield>
    <subfield code="8">NFIC</subfield>
    <subfield code="a">L</subfield>
    <subfield code="b">L</subfield>
    <subfield code="d">2020-02-10</subfield>
    <subfield code="e">BPPD/Ven.</subfield>
    <subfield code="g">475.00</subfield>
    <subfield code="l">0</subfield>
    <subfield code="o">840.8 &#x648; &#x6C1; &#x627;</subfield>
    <subfield code="p">B-209087</subfield>
    <subfield code="r">2020-02-10 00:00:00</subfield>
    <subfield code="t">1</subfield>
    <subfield code="v">475.00</subfield>
    <subfield code="w">2020-02-10</subfield>
    <subfield code="y">UR</subfield>
  </datafield>
</record>
